| 000 | 00809nam a2200217 a 4500 | ||
|---|---|---|---|
| 003 | 0 | ||
| 005 | 20250221100143.0 | ||
| 008 | 111114s19uu xx 00 eng d | ||
| 050 |
_aPGS SB 113.2.E34 _b.T673 2011 |
||
| 100 | _aTopacio III, Jose Arturo A. | ||
| 245 |
_aThe effect of eggshell and milk on the growth of tomato plants (Solanum lycopersicum) / _cJose Arturo A. Topacio III. |
||
| 260 |
_aLas PiƱas City, Philippines : _bSouthville International School and Colleges, _c2011. |
||
| 300 |
_a18 pages : _billustrations ; _c28 cm. |
||
| 504 | _aIncludes bibliographical references. | ||
| 650 |
_aTomato plants (Solanum lycopersicum) _vGrowth. |
||
| 650 | _aSoil amendments. | ||
| 650 | _aOrganic fertilizers. | ||
| 650 | _aPlant nutrition. | ||
| 650 | _aCalcium in plants. | ||
| 942 |
_2lcc _cPASS |
||
| 999 |
_c98653 _d98653 |
||